000 00487nam a22001817a 4500
003 NUST - PNEC
005 20170116180802.0
008 150414b xxu||||| |||| 00| 0 eng d
020 _a1851683119
040 _cLIBRARY
082 _a954.91 ZIR
100 _92590
_aLawrence Ziring
245 _aPakistan ; At the Crosscurrent of History
_c Lawrence : Ziring
260 _aIslamabad
_b Vanguard Books
_cc2004.
300 _a383p. :
650 _92591
_aPakistan
_xAS
942 _2ddc
_cBK
999 _c62994
_d62994